Statistiques concernant Légumes de saison (3)

Cliquez ici pour prendre le quiz!

Statistiques générales

  • Ce quiz a été pris 65 fois
  • Le résultat moyen est 7 sur 15

Statistiques - réponses

IndiceRéponse% Correct
Racine comestible généralement orangeCarotte
100%
Expression signifiant que la situation est désespéréeLes carottes sont cuites
80%
Nom donné aux feuilles de ce légumeFanes
73%
Qualifie une couleur de cheveuxPoil de carotte
65%
Ce légume donne paraît-il cette qualité de caractèreAmabilité
63%
Opération consistant à prélever un échantillon cylindrique de sol ou de glaceCarottage
57%
Organe prétendument rendu rose par ce légumeFesses / Cuisses
50%
Spécialité culinaire en usage dans la policeBoeuf carottes
43%
Alternative à ce légume pour faire avancer un âneBâton
33%
Pays champion du monde de sa productionChine
28%
Pays européen qui en produit le plusPologne
25%
Auteur d'un roman portant ce titreJules Renard
20%
Dénomination lyonnaise de la betteraveCarotte rouge
12%
Variété normande réputéeCréances
3%
Département français champion de sa productionLandes
2%

Distribution des résultats

Percentile par nombre de réponses

% des personnes avec chaque résultat

Votre développement - résultats

Vous n’avez pas pris ce quiz